| 000 | 00660nam a2200241 i 4500 | ||
|---|---|---|---|
| 003 | DO-SdBNP | ||
| 005 | 20240621120627.0 | ||
| 007 | ta | ||
| 008 | 240621b1993 sp ||||| |||| 00| 0 spa d | ||
| 020 | _a842069679X | ||
| 040 |
_aDO-SdBNP _bspa _cBNPHU _erda |
||
| 082 | 4 | _222 | |
| 100 | 1 |
_aMarías, Julián _eautor _921173 |
|
| 245 | 1 | 0 |
_aMapa del muno personal / _cJulián Marías |
| 264 |
_aMadrid : _bAlianza, _c1993. |
||
| 300 |
_a206 páginas ; _c20 cm. |
||
| 336 |
_2rdacontent _atexto _btxt |
||
| 337 |
_2rdamedia _asin mediación _bn |
||
| 338 |
_2rdacarrier _avolumen _bnc |
||
| 590 | _aInventariado, 2024/BT | ||
| 910 | _aBtavárez | ||
| 942 |
_2ddc _cLBS1 |
||
| 999 |
_c56925 _d56925 |
||